000 00469nam a2200169Ia 4500
005 20250508153314.0
008 008 250505s9999 xx 000 0 eng d
037 _aTextual
040 _aFEDL
_beng
_cFEDL
041 _aeng
_2eng
084 _a374.058, NAT
_qFEDL
245 0 _aAdult school directory, 1955
260 _aLondon, UK
_bNational Adult School Union
_c1955
300 _a56p
942 _cTEXL
_h374.058, NAT
999 _c1341874
_d1341874